| 000 | 00696nam a2200253Ia 4500 | ||
|---|---|---|---|
| 005 | 20251020182456.0 | ||
| 008 | 200515s9999 xx 000 0 und d | ||
| 020 | _a978-84-9801-882-0 | ||
| 082 | _a624.038/P86 | ||
| 100 | _aPryce, Will | ||
| 245 | 0 | _aArquitectura de madera. Historia Universal | |
| 250 | _a1a ed. | ||
| 260 | _aBarcelona | ||
| 260 | _bBLUME | ||
| 260 | _c2016 | ||
| 300 | _a320 p. | ||
| 300 | _bil., graf., fot., col. | ||
| 500 | _a1 ejemplar | ||
| 520 | _aRecuento histórico del uso arquitectónico de la madera a través de la historia y en diversas partes del mundo | ||
| 650 | _aDISEÑO ARQUITECTONICO | ||
| 650 | _aMADERA | ||
| 942 | _cLIB | ||
| 999 |
_c997 _d997 |
||